HBR's 10 Must Reads on AI, Analytics, and The New Machine Age (Record no. 46467)

MARC details
000 -LEADER
fixed length control field 00551nam a22001817a 4500
005 - DATE AND TIME OF LATEST TRANSACTION
control field 20250824202423.0
008 - FIXED-LENGTH DATA ELEMENTS--GENERAL INFORMATION
fixed length control field 250823b |||||||| |||| 00| 0 eng d
020 ## - INTERNATIONAL STANDARD BOOK NUMBER
International Standard Book Number 9781633696846
041 ## - LANGUAGE CODE
Language code of text/sound track or separate title eng
082 ## - DEWEY DECIMAL CLASSIFICATION NUMBER
Classification number 658.4038 POR
100 ## - MAIN ENTRY--PERSONAL NAME
Author Porter,Michael E.
245 ## - TITLE STATEMENT
Title HBR's 10 Must Reads on AI, Analytics, and The New Machine Age
260 ## - PUBLICATION, DISTRIBUTION, ETC.
Place Boston
Publisher Harvard Business Review Press
Publication Year 2019
300 ## - PHYSICAL DESCRIPTION
Extent 181;. p. 21cm
650 ## - SUBJECT ADDED ENTRY--TOPICAL TERM
Subject Artificial intelligence, Industrial management, Data mining
700 ## - ADDED ENTRY--PERSONAL NAME
Co-Author Heppelmann, James E
942 ## - ADDED ENTRY ELEMENTS (KOHA)
Koha item type Books
Holdings
Withdrawn status Lost status Source of classification or shelving scheme Damaged status Not for loan Home library Current library Shelving location Accession Date Vendor Price Bill number Total Checkouts Full call number Barcode No Date due Date last seen Date last checked out Bill Date Koha item type Suggested By
    Dewey Decimal Classification     IMTN IMTN Rack 29-A 08/23/2025 Amazon.in 569.00 HYD8- 171344 1 658.4038 POR 33938 02/25/2026 08/29/2025 08/29/2025 08/01/2025 Books Faculty Purchase by Dr. Abhishek Narain singh
Designed & Maintained by: LRC IMT Nagpur Contact: lrc@imtnag.ac.in© 2024. All Rights Reserved.